Hoofdsteden van Afrika - Statistieken

Algemene statistieken
  • Deze quiz is 116 keer genomen
  • De gemiddelde score is 39 van 54
Antwoordstatistieken
Land Hoofdstad % Correct
Egypte Caïro
100%
Algerije Algiers
97%
Zuid-Afrika Pretoria / Bloemfontein / Kaapstad
97%
Marokko Rabat
97%
Namibië Windhoek
94%
Tunesië Tunis
92%
Ethiopië Addis Abeba
89%
Senegal Dakar
89%
Djibouti Djibouti
89%
Democratische Republiek Congo Kinshasa
89%
Libië Tripoli
89%
Kenia Nairobi
86%
Sao Tomé en Principe São Tomé
86%
Madagaskar Antananarivo
83%
Guinee-Bissau Bissau
81%
Sierra Leone Freetown
81%
Ghana Accra
78%
Republiek Congo Brazzaville
78%
Soedan Khartoem
75%
Angola Luanda
75%
Burkina Faso Ouagadougou
75%
Nigeria Abuja
72%
Zuid-Soedan Djoeba
72%
Mauritius Port Louis
72%
Kameroen Yaoundé
72%
Zimbabwe Harare
69%
Togo Lomé
69%
Somalië Mogadishu
69%
Ivoorkust Yamoussoukro
69%
Eritrea Asmara
67%
Oeganda Kampala
67%
Rwanda Kigali
67%
Benin Porto-Novo / Cotonou
67%
Seychellen Victoria
67%
Mali Bamako
64%
Mozambique Maputo
64%
Kaapverdië Praia
64%
Guinee Conakry
61%
Malawi Lilongwe
61%
Eswatini Mbabane
61%
Tsjaad Ndjamena
61%
Tanzania Dodoma
58%
Zambia Lusaka
58%
Niger Niamey
58%
Mauritanië Nouakchott
58%
Centraal-Afrikaanse Republiek Bangui
56%
Gambia Banjul
56%
Burundi Gitega
56%
Gabon Libreville
56%
Lesotho Maseru
56%
Liberia Monrovia
56%
Botswana Gaborone
53%
Equatoriaal-Guinea Malabo
53%
Comoren Moroni
53%
Geen overeenkomende quizzen gevonden
Scoreverdeling
Procent van Mensen met Elke Score
Percentiel versus Aantal Correcte Antwoorden
Uw Scoregeschiedenis
U heeft deze quiz nog niet genomen